<?xml version="1.0" encoding="UTF-8"?>
<record
    xmlns:xsi="http://www.w3.org/2001/XMLSchema-instance"
    xsi:schemaLocation="http://www.loc.gov/MARC21/slim http://www.loc.gov/standards/marcxml/schema/MARC21slim.xsd"
    xmlns="http://www.loc.gov/MARC21/slim">

  <leader>00488    a2200133   4500</leader>
  <controlfield tag="001">ART_9396</controlfield>
  <controlfield tag="005">20260410161559.0</controlfield>
  <controlfield tag="008">260409a                                 </controlfield>
  <datafield tag="245" ind1="1" ind2="0">
    <subfield code="a">Un camino al ejercicio profesional sin fronteras, desde los puntos de partida de la formaci&#xF3; y los c&#xF3;digos deontol&#xF3;gicos</subfield>
  </datafield>
  <datafield tag="100" ind1="1" ind2=" ">
    <subfield code="a">Neira, Graciela M.</subfield>
  </datafield>
  <datafield tag="700" ind1="1" ind2=" ">
    <subfield code="a">Freire, Liliana B.</subfield>
  </datafield>
  <datafield tag="700" ind1="1" ind2=" ">
    <subfield code="a">Canetti, Miguel Marcelo</subfield>
  </datafield>
  <datafield tag="773" ind1="0" ind2=" ">
    <subfield code="t">Profesional &amp; Empresaria</subfield>
    <subfield code="g">- A&#xF1;o XIII, N&#xBA; 154 (jul. 2012)</subfield>
    <subfield code="w">REV70</subfield>
  </datafield>
  <datafield tag="999" ind1=" " ind2=" ">
    <subfield code="c">9501</subfield>
    <subfield code="d">9501</subfield>
  </datafield>
</record>
